• 首页
  • 本馆介绍
  • 公告通知
  • 最新文献
  • 馆藏检索
  • 电子资源
  • 读者荐购
  • 参考咨询
  • CALIS
  • 我的图书馆
  • 登录
  • 详细信息显示
  • 放入我的书架
  • 预约/预借图书
  • 作者相关作品
  • 分类相关作品
  • 丛书相关作品
  • 出版社相关作品

书目信息

  • 表格格式
  • 工作单格式
  • 卡片格式
题名:
35-110KV送电线路工程图集(设计.加工.安装) 上]
    
 
作者: 秦国梅 编著
分册:  
出版信息: 北京   中国水利水电出版社  2000.01
页数: 1204页
开本: 16开
丛书名:
单 册:
中图分类: TM75-64
科图分类:
主题词: 电力工程--输配电线路 , 线路杆塔
电子资源:
ISBN: 7-5084-0161-1
 
 
 
 
 
000 00680nam0 2200205 45
001 0008210822
005 20000821084626.8
010    @a7-5084-0161-1@d190.00元
100    @a20000821d2000 km y0chiy0120 ea
101 0  @achi
105    @a z 000yy
200 1  @a35-110KV送电线路工程图集(设计.加工.安装) 上]@A35-110KV Song Dian Xian Lu Gong Cheng Tu Ji(She Ji.Jia Gong.An Zhuang) Shang]@f秦国梅等编著@FQin Guo Mei Deng Bian Zhu
210    @a北京@c中国水利水电出版社@d2000.01
215    @a1204页@d16开
606 0  @a电力工程@x输配电线路
606 0  @a线路杆塔
690    @aTM75-64@v3
701  0 @a秦国梅@4编著
801    @aCN@bPftUser@c20000821
905    @b112143@dTM75-64@eQ501@f1
    
    35-110KV送电线路工程图集(设计.加工.安装) 上]/秦国梅等编著.-北京:中国水利水电出版社,2000.01
    1204页;16开
    
    
    ISBN 7-5084-0161-1:190.00元
    
●
相关链接 在E读中查询图书 在当当中查询图书 在豆瓣中查询图书


正题名:35-110KV送电线路工程图集(设计·加工·安     索取号:TM75-64/Q501         预约/预借

序号 登录号 条形码 馆藏地/架位号 状态 备注
1 112143   201121437   自科库301/301自科库 19排1列1层/ [索取号:TM75-64/Q501] 在馆    
河南城建学院图书馆 欢迎您!
大连网信软件有限公司© 版权所有